Parijat haran nat (Record no. 10341)
[ view plain ]
| 000 -LEADER | |
|---|---|
| fixed length control field | 00591cam a2200217ua 4500 |
| 001 - CONTROL NUMBER | |
| control field | 11532 |
| 005 - DATE AND TIME OF LATEST TRANSACTION | |
| control field | 20260515114749.0 |
| 008 - FIXED-LENGTH DATA ELEMENTS--GENERAL INFORMATION | |
| fixed length control field | 190930n ii |||gr||||Z||||||asm |
| 020 ## - INTERNATIONAL STANDARD BOOK NUMBER | |
| International Standard Book Number | 9789324401014 |
| 040 ## - CATALOGING SOURCE | |
| Transcribing agency | MAIN |
| 082 ## - DEWEY DECIMAL CLASSIFICATION NUMBER | |
| Classification number | 891.4512 |
| 100 ## - MAIN ENTRY--PERSONAL NAME | |
| Personal name | Shrimanta Sankaradeva, |
| Relator term | Author. |
| 245 ## - TITLE STATEMENT | |
| Title | Parijat haran nat |
| Statement of responsibility, etc. | By Shrimanta Sankaradeva |
| 250 ## - EDITION STATEMENT | |
| Edition statement | 1st ed. |
| 260 ## - PUBLICATION, DISTRIBUTION, ETC. | |
| Place of publication, distribution, etc. | Guwahati: |
| Name of publisher, distributor, etc. | Chandra prakash, |
| Date of publication, distribution, etc. | 2013. |
| 300 ## - PHYSICAL DESCRIPTION | |
| Extent | 88p. |
| 653 ## - INDEX TERM--UNCONTROLLED | |
| Uncontrolled term | East Indo-European & Celtic literatures |
| 653 ## - INDEX TERM--UNCONTROLLED | |
| Uncontrolled term | Assamese Drama |
| 700 ## - ADDED ENTRY--PERSONAL NAME | |
| Personal name | Subhasree Kalita Talukdar, |
| Relator term | Editor. |
| 942 ## - ADDED ENTRY ELEMENTS (KOHA) | |
| Koha item type | Books |
| Withdrawn status | Lost status | Damaged status | Not for loan | Home library | Current library | Shelving location | Date acquired | Total checkouts | Full call number | Barcode | Date last seen | Copy number | Price effective from | Koha item type | Date last checked out |
|---|---|---|---|---|---|---|---|---|---|---|---|---|---|---|---|
| Naharkatiya College Library | Naharkatiya College Library | General stacks | 09/19/2020 | 891.4512SAN | 26735 | 09/19/2020 | 1 | 09/19/2020 | Books | ||||||
| Naharkatiya College Library | Naharkatiya College Library | General stacks | 09/19/2020 | 1 | 891.4512SAN | 26736 | 04/08/2024 | 2 | 09/19/2020 | Books | 03/12/2024 |